000 01017nam a22002657a 4500
005 20170123164202.0
010 _aA-466206
020 _a81714309906
_c80.00
035 _aA-466206
037 _bCen Lib/Ret
040 _aDPL
_bPN
082 _a610
_2ਗਿੱਲਜੀ
100 _aਗਿੱਲ, ਜੀ. ਐਸ.
_973
245 _aਸਿਹਤ ਅਤੇ ਰੋਗ /
_cਜੀ. ਐਸ. ਗਿੱਲ
246 _aSehat ate rog : (Health and diseases) /
_bby G. S. Gill
260 _aਅੰਮ੍ਰਿਤਸਰ
_bਰਾਵੀ ਸਾਹਿਤ ਪ੍ਰਕਾਸ਼ਨ
_c1999
270 _aਹਾਲ ਬਾਜ਼ਾਰ
_bਅੰਮ੍ਰਿਤਸਰ
_e143006
300 _a172p. :
_c24cm(pbk)
500 _aIncludes index
650 _aMedical Science
_vGuide
_920439
650 _aਮੈਡੀਕਲ ਸਾਇੰਸ
_9133506
650 _aHuman body -- Guide
_9133507
650 _aਮਨੁੱਖੀ ਸਰੀਰ -- ਗਾਈਡ
_9133508
942 _2ddc
_cPN
_h610
_mਗਿੱਲਜੀ
999 _c111125
_d111125